Statistics for Largest Cities by Penultimate Letter A - Z

Click here to take the quiz!

General Stats

  • This quiz has been taken 35 times
  • The average score is 20 of 26

Answer Stats

Hint City Population % Correct
YJapanTokyo40,200,000
100%
AChinaShanghai35,900,000
97%
LPhilippinesManila25,200,000
97%
USouth KoreaSeoul24,700,000
97%
RUSANew York22,400,000
97%
OChinaGuangzhou45,600,000
97%
TIndonesiaJakarta30,600,000
94%
MPeruLima9,900,000
94%
NChinaBeijing20,400,000
94%
EUSALos Angeles17,800,000
94%
HIndiaDelhi29,400,000
91%
BKenyaNairobi5,950,000
91%
GUSAChicago9,750,000
91%
WSouth AfricaCape Town4,175,000
91%
SDR CongoKinshasa12,000,000
88%
KBangladeshDhaka19,500,000
85%
JNigeriaAbuja3,375,000
79%
CUSASan Francisco7,850,000
71%
VMadagascarAntananarivo2,450,000
62%
FBrazilRecife3,825,000
62%
DChinaChengdu9,800,000
53%
IChinaTianjin13,200,000
47%
ZBrazilFortaleza3,650,000
47%
PUSATampa4,300,000
44%
QChinaÜrümqi3,975,000
29%
XChinaCixi1,970,000
18%

Score Distribution

Percentile by Number Answered

Percent of People with Each Score

Your Score History

You have not taken this quiz